000 00541nam a2200157Ia 4500
008 240126s9999 xx 000 0 und d
041 _aEnglish
082 _aPRIS08-1296
100 _aPrakash Jha, Tanmay Upadhyaya, Utkarsh Ranjan, Varun Bansal
245 0 _aBluetooth Advertising [electronic resource: Project Report]
_bVinay A
260 _bPESIT, Dept. of IS
_aBangalore
440 _aNULL
650 _aBluetooth,Advertising,[electronic,resource:,Project,Report],Information Science
650 _aInformation Science
942 _cPR
999 _c258723
_d258723